000 00634nam a2200205Ia 4500
003 GCL
008 140319s9999 xx 000 0 ara d
040 _aGCL /
_cGCL
082 0 4 _a620.13
_bع ت
100 1 _aعماد تنبكجى
245 1 0 _aتصميم وحساب عناصر المنشآت الحجرية /
_cعماد تنبكجى
300 _a96 ص
490 _aمختصر العلوم الهندسية
_v0
650 0 4 _aالهندسة
650 0 4 _aالحجر الاسود
650 0 4 _aالحجر
650 0 4 _aالمنشآت الحجرية
650 0 4 _aالمنشآت الحجرية - تصميم
942 _2ddc
_cBK
999 _c49117
_d49117